Malaysian Timber Council (MTC) : 20 years of creating value.
| Format: | Book |
|---|---|
| Published: |
Kuala Lumpur:
Malaysian Timber Council (MTC),
2012.
|
| Subjects: |
| LEADER | 00515cam a2200157 7i4500 | ||
|---|---|---|---|
| 001 | 0000028930 | ||
| 005 | 20121227090000.0 | ||
| 020 | 0 | 0 | |a 9789671083116 |
| 090 | 0 | 0 | |a M 338.17498 |b MAL |
| 245 | 0 | 0 | |a Malaysian Timber Council (MTC) : |b 20 years of creating value. |
| 260 | 0 | 0 | |a Kuala Lumpur: |b Malaysian Timber Council (MTC), |c 2012. |
| 300 | # | # | |c 132 p. |
| 650 | 0 | 0 | |a Timber -- |z Malaysia |
| 650 | 0 | 0 | |a Malaysian Timber Council (MTC) -- |z Malaysia |
| 651 | 0 | 0 | |a Malaysia |
| 999 | |a 0000030826 |b Book |c Malaysia |e Business Information Centre | ||


